000 00333nam a2200145Ia 4500
005 20251222151304.0
008 251222s9999||||xx |||||||||||||| ||spa||
020 _a9788420010281
082 _a641.48 M22
100 _aMan, Dominic
245 0 _aCaucidad de los alimentos
250 _a1ra.ed.
264 _bAcribia
942 _cLIB
999 _c23112
_d23112